| 000 | 00450nam a2200181Ia 4500 | ||
|---|---|---|---|
| 001 | 66170 | ||
| 003 | 138997 | ||
| 005 | 20231020062541.0 | ||
| 008 | ||||||n9999 ||| || || | ||
| 041 | _aspa | ||
| 110 |
_aSantander (Colombia). Gobernación _96589 |
||
| 245 | 0 | _aDatos estadisticos | |
| 260 |
_aBogotá : _bGobernación de Santander, _c1988. |
||
| 300 | _a3h. | ||
| 562 | _e1 | ||
| 650 |
_aSANTANDER (COLOMBIA) _93055 |
||
| 942 | _cDO-GO | ||
| 999 |
_c66170 _d66170 |
||